| 000 | 00591 a2200169 4500 | ||
|---|---|---|---|
| 020 | _a0071157603 (paperback) | ||
| 020 | _a9780071157605 (paperback) | ||
| 090 |
_c4995 _d4995 |
||
| 100 | 1 | _aHill, Charles W. L. | |
| 245 | 1 | 0 |
_aInternational business : _bcompeting in the global marketplace, postscript 1998 / _cCharles W. L. Hill. |
| 250 | _aN.e.of Internat.2r.e. ed. | ||
| 260 |
_a[S.l.] : _bMcGraw-Hill Companies, _c1998. |
||
| 300 | _a640 p. | ||
| 500 | _aImport. | ||
| 856 | 4 | 0 |
_3Amazon.com _uhttp://www.amazon.com/exec/obidos/ASIN/0071157603/chopaconline-20 |
| 942 |
_aNBS _cBK _k658 HIL |
||
| 999 |
_c347421 _d347421 |
||